Implementation of programs offered by the local goverment of Rodriguez, Rizal/ (Record no. 79726)

MARC details
000 -LEADER
fixed length control field 02547nam a22002657a 4500
003 - CONTROL NUMBER IDENTIFIER
control field URS
005 - DATE AND TIME OF LATEST TRANSACTION
control field 20240423174509.0
008 - FIXED-LENGTH DATA ELEMENTS--GENERAL INFORMATION
fixed length control field 240423b |||||||| |||| 00| 0 eng d
050 00 - LIBRARY OF CONGRESS CALL NUMBER
Classification number LG 221.R59.Im75
Item number 2014
100 1# - MAIN ENTRY--PERSONAL NAME
Personal name Aquino, Arfie C.
Relator term Researcher
245 10 - TITLE STATEMENT
Title <a href="Implementation of programs offered by the local goverment of Rodriguez, Rizal/">Implementation of programs offered by the local goverment of Rodriguez, Rizal/</a>
Statement of responsibility, etc Arfie C. Aquino [et...al]
260 #1 - PUBLICATION, DISTRIBUTION, ETC. (IMPRINT)
Date of publication, distribution, etc 2014
300 ## - PHYSICAL DESCRIPTION
Extent xiii, 52 leaves
Other physical details illustration
Dimensions 28 cm
336 ## - CONTENT TYPE
Source rdacontent
Content type term text
337 ## - MEDIA TYPE
Source rdamedia
Media type term unmediated
338 ## - CARRIER TYPE
Source rdacarrier
Carrier type term volume
502 ## - DISSERTATION NOTE
Dissertation note Undergraduate Thesis<br/>
Degree type Bachelor of Science in Business Administration Major in Human Resources Development Management<br/>
Name of granting institution University of Rizal System, Rodriguez, Rizal<br/>
Year degree granted 2014
520 ## - SUMMARY, ETC.
Summary, etc The study aimed to determine the awareness of the local residents of the programs offered by the Local Government of Rodriguez, Rizal. It was conducted during the school year 2012-2013.<br/><br/>The subjects of the study were fifteen (15) local residents of each barangay in Rodriguez, Rizal that politically subdivided into eleven (11) barangays (8 urbans and 3 rural areas). Specifically, Balite, Burgos, Geronimo, Macabud, Mangahan, Mascap, Puray, Rosario, San Isidro, San Jose, and San Rafael. <br/><br/>For statistical treatment of data, the frequency, percentage distribution, and ranking were used to determine the profile of the respondents in terns of age, sex, educational attainment and civil status. Mean was utilized to determine the offered by Local Government Unit of Rodriguez, Rizal. One way ANOVA was employed to determine the significant difference on the extent of implementation of programs offered by the local government of Rodriguez Rizal as perceived by the respondents when they are grouped according to their profile.<br/><br/>From the analysis and interpretation of data, the obtained result was summarized as follows: In terms of age, majority of the respondents were belonged to the age bracket 21 years old with a frequency of 16 or 9.7 percent. In terms of sex, female obtained the highest frequency of 89 or 53.9 percent. In terms of educational attainment, college graduate got a frequency of 49 or 29.7 percent. And, in terms of civil status, single got the highest frequency of 88 or 53.3 percent.
650 ## - SUBJECT ADDED ENTRY--TOPICAL TERM
Source of heading or term Implementation of programs offered by the local goverment
700 ## - ADDED ENTRY--PERSONAL NAME
Personal name Capellan, Joshua A.
Relator term Researcher
700 ## - ADDED ENTRY--PERSONAL NAME
Personal name Juinio, Jonalyn C.
Relator term Researcher
700 ## - ADDED ENTRY--PERSONAL NAME
Personal name Rotoni, John Russel T.
Relator term Resracher
700 ## - ADDED ENTRY--PERSONAL NAME
Personal name Maniaol, Maricel V.
Relator term Adviser
942 ## - ADDED ENTRY ELEMENTS (KOHA)
Source of classification or shelving scheme Library of Congress Classification
Koha item type Theses and dissertations
Holdings
Withdrawn status Source of classification or shelving scheme Damaged status Not for loan Home library Current library Shelving location Date acquired Total Checkouts Full call number Barcode Date last seen Copy number Price effective from Koha item type
  Library of Congress Classification   Not For Loan Rodriguez College Library Rodriguez College Library Undergraduate Theses 04/23/2024   LG 221.R59.Im75 2014 URSROD-UGT-HRDM-0579 04/23/2024 c1 04/23/2024 Theses and dissertations

University of Rizal System
Email us at univlibservices@urs.edu.ph

Visit our Website www.urs.edu.ph/library